|
|
|
|
| LEADER |
02402nam a2200565 4500 |
| 001 |
ocn933581207 |
| 003 |
OCoLC |
| 005 |
20170124070731.2 |
| 006 |
m o d |
| 007 |
cr cnu|||unuuu |
| 008 |
151231s2015 nju o 101 0 eng d |
| 040 |
|
|
|a N$T
|b eng
|e rda
|e pn
|c N$T
|d DG1
|d N$T
|d OCLCO
|d EBLCP
|d OCLCF
|d OCLCO
|d YDXCP
|d DEBBG
|d GrThAP
|
| 019 |
|
|
|a 933585765
|
| 020 |
|
|
|a 9781119211747
|q electronic bk.
|
| 020 |
|
|
|a 1119211743
|q electronic bk.
|
| 020 |
|
|
|a 9781119211754
|q electronic bk.
|
| 020 |
|
|
|a 1119211751
|q electronic bk.
|
| 020 |
|
|
|z 9781119211730
|
| 020 |
|
|
|z 1119211735
|
| 029 |
1 |
|
|a GBVCP
|b 855533005
|
| 029 |
1 |
|
|a DEBBG
|b BV043738242
|
| 035 |
|
|
|a (OCoLC)933581207
|z (OCoLC)933585765
|
| 050 |
|
4 |
|a TA455.C43
|
| 072 |
|
7 |
|a TEC
|x 009000
|2 bisacsh
|
| 072 |
|
7 |
|a TEC
|x 035000
|2 bisacsh
|
| 082 |
0 |
4 |
|a 620.1/4
|2 23
|
| 049 |
|
|
|a MAIN
|
| 111 |
2 |
|
|a International Conference on Advanced Ceramics and Composites
|n (39th :
|d 2015 :
|c Daytona Beach, Fla.)
|
| 245 |
1 |
0 |
|a Developments in strategic ceramic materials :
|b a collection of papers presented at the 39th International Conference on Advanced Ceramics and Composites, January 25-30, 2015, Daytona Beach, Florida /
|c editors: Waltraud M. Kriven, Jingyang Wang, Dongming Zhu, Thomas Fischer ; volume editors: Jingyang Wang, Soshu Kirihara.
|
| 264 |
|
1 |
|a Hoboken, New Jersey :
|b Wiley,
|c 2016.
|
| 300 |
|
|
|a 1 online resource.
|
| 336 |
|
|
|a text
|b txt
|2 rdacontent
|
| 337 |
|
|
|a computer
|b c
|2 rdamedia
|
| 338 |
|
|
|a online resource
|b cr
|2 rdacarrier
|
| 500 |
|
|
|a Includes author index.
|
| 588 |
0 |
|
|a Online resource; title from PDF title page (John Wiley, viewed January 6, 2016).
|
| 650 |
|
0 |
|a Ceramic materials
|v Congresses.
|
| 650 |
|
7 |
|a TECHNOLOGY & ENGINEERING / Engineering (General)
|2 bisacsh
|
| 650 |
|
7 |
|a TECHNOLOGY & ENGINEERING / Reference
|2 bisacsh
|
| 650 |
|
7 |
|a Ceramic materials.
|2 fast
|0 (OCoLC)fst00850974
|
| 655 |
|
4 |
|a Electronic books.
|
| 655 |
|
7 |
|a Conference papers and proceedings.
|2 fast
|0 (OCoLC)fst01423772
|
| 700 |
1 |
|
|a Kriven, Waltraud M.,
|e editor.
|
| 700 |
1 |
|
|a Wang, Jingyang
|c (Materials scientist),
|e editor.
|
| 700 |
1 |
|
|a Zhu, Dongming,
|e editor.
|
| 700 |
1 |
|
|a Fischer, Thomas,
|e editor.
|
| 700 |
1 |
|
|a Kirihara, Soshu,
|e editor.
|
| 776 |
0 |
8 |
|c Original
|z 9781119211730
|z 1119211735
|w (OCoLC)920454603
|
| 856 |
4 |
0 |
|u https://doi.org/10.1002/9781119211747
|z Full Text via HEAL-Link
|
| 994 |
|
|
|a 92
|b DG1
|